LIBRARY & INFORMATION CENTRE, KCAET, TAVANUR

ONLINE PUBLIC ACCESS CATALOGUE (OPAC)

Linear Algebra / (Record no. 13123)

MARC details
000 -LEADER
fixed length control field 00464cam a2200193ua 4500
041 ## - LANGUAGE CODE
Language code of text/sound track or separate title eng
082 ## - DEWEY DECIMAL CLASSIFICATION NUMBER
Classification number 512
Item number HOF/LI
100 ## - MAIN ENTRY--AUTHOR NAME
Personal name Hoffman, Kennneth.
245 ## - TITLE STATEMENT
Title Linear Algebra /
250 ## - EDITION STATEMENT
Edition statement 3 /
260 ## - PUBLICATION, DISTRIBUTION, ETC. (IMPRINT)
Place of publication New Delhi :
Name of publisher Prentice Hall ,
Year of publication 2007.
300 ## - PHYSICAL DESCRIPTION
Number of Pages 632 ; .
700 1# - ADDED ENTRY--PERSONAL NAME
Personal name Kunze, Ray.
942 ## - ADDED ENTRY ELEMENTS (KOHA)
Koha item type Books
Holdings
Withdrawn status Lost status Damaged status Home library Current library Date acquired Full call number Accession Number Koha item type
      KAUAET KAUAET 07/04/2012 512 21433 Books
free website counter